000 00590nam a2200205Ia 4500
008 191130s2003##################000#0#eng##
020 _a9781580420778
022 _a2002105880
040 _aACL
_cACL
082 _a795.515 ROB
100 _aRobertie, Bill
245 _aBackgammon for serious players : strategies from the world champion!
_cBill Robertie
250 _a2nd ed
260 _aBrooklyn, NY
_bCardoza Publishing
_c2003
300 _a256 p. : ill. ; 23 cm.
650 _aBackgammon
990 _a8cd51cf2ac10000c26578af839a3a450
991 _a328433
999 _c376861
_d376861